000
00202 a2200097 4500
001
13765
100
_a
Colsland, M
245
_a
Madame Collect
260
_a
London
_b
Peter Owen
_c
090
_c
10759
_d
10759
942
_a
NUST-CAE
_c
M
_c
846
999
_c
248838
_d
248838